000 00415nam a2200145Ia 4500
008 231129s2000||||xx |||||||||||||| ||spa||
020 _a958-8013-42-9
040 _bspa
082 _a306.7 M516d
100 _aMejí­a Motta Inés Elvira
245 0 _aDinámicas ritmos y significados de la sexualidad juvenil
260 _c2000
264 _aCargraphics
942 _2ddc
_cBKS
999 _c9586
_d9586